Religion Quiz

Random Religion or State Quiz

2nd-Largest Religion in Each US State Quiz Stats

 Plays Quiz Updated May 26, 2015

Score 0/50 Timer 01:00
0 Plays Today
% Correct
Islam
92.6%
Islam
92.6%
Islam
92.6%
Islam
92.6%
Islam
92.6%
Islam
92.6%
Islam
92.6%
Islam
92.6%
Islam
92.6%
Islam
92.6%
Islam
92.6%
Islam
92.6%
Islam
92.6%
Islam
92.6%
Islam
92.6%
Islam
92.6%
Islam
92.6%
Islam
92.6%
Islam
92.6%
Islam
92.6%
Judaism
86.1%
Judaism
86.1%
Judaism
86.1%
Judaism
86.1%
Judaism
86.1%
% Correct
Judaism
86.1%
Judaism
86.1%
Judaism
86.1%
Judaism
86.1%
Judaism
86.1%
Judaism
86.1%
Judaism
86.1%
Judaism
86.1%
Judaism
86.1%
Hindu
74.7%
Hindu
74.7%
Buddhist
74.4%
Buddhist
74.4%
Buddhist
74.4%
Buddhist
74.4%
Buddhist
74.4%
Buddhist
74.4%
Buddhist
74.4%
Buddhist
74.4%
Buddhist
74.4%
Buddhist
74.4%
Buddhist
74.4%
Buddhist
74.4%
Buddhist
74.4%
Baha'i
16.8%

You're not logged in!

Compare scores with friends on all Sporcle quizzes.
OR
Log In

You Might Also Like...

Show Comments

Extras

Top Quizzes Today


Score Distribution

Your Account Isn't Verified!

In order to create a playlist on Sporcle, you need to verify the email address you used during registration. Go to your Sporcle Settings to finish the process.

Report this User

Report this user for behavior that violates our Community Guidelines.

Details: